Професии (Запис номер 492585)
[ съкратено ]
| 000 -Лидер | |
|---|---|
| Лидер | 01233nam a2200265 a 4500 |
| 003 - Код на организацията, давaща контролен номер | |
| Код на организацията, даваща контролен номер | BLK |
| 005 - Дата и час на последна редакция | |
| Дата и час на последна редакция | 20230710142747.0 |
| 008 - Елементи от данни с фиксирана дължина | |
| Елементи с фиксирана дължина | 180409b bul|||||r ||||||| ||bul|| |
| 020 ## - Международен стандартен номер на книга ISBN | |
| ISBN | 9786199218709 |
| 040 ## - Източник на каталожния запис | |
| Код на библиотеката | BLK |
| 041 ## - Код за език | |
| Език | Български |
| Език за КДБФ | Български |
| 080 ## - УДК | |
| УДК текст | Издания за деца и юноши. Книжки-картинки. Читанки. Вж и 372.4 |
| УДК код | 087.5 |
| УДК – код + определител | 087.5 |
| 100 ## - Редна дума - Автор | |
| R(LIN) | 1299 |
| Автор | Сорокина, Ксения Александровна |
| 245 10 - Сведения за заглавието | |
| Заглавие | Професии |
| Авторска отговорност | К. Сорокина ; худож. К. Заякина. |
| 260 ## - Област на издателските данни | |
| Място на издаване | София |
| Име на издателя | Адари |
| Година на издаване | 2022 |
| 9 (RLIN) | 488235 |
| 300 ## - Физическа характеристика | |
| Брой страници | [8] л. |
| Илюстрации | с цв. ил. |
| Размер | 23 x 23 см |
| 380 ## - Жанр | |
| Жанр | Детска отраслова лит. |
| 490 ## - СЕРИИ (Колекции) | |
| 9 (RLIN) | 488237 |
| Серия | Оцветяване с вода |
| 500 ## - Общи забележки | |
| Обща забележка | Кор. опис.<br/>Възприетата форма на ил. К. Заякина е Екатерина Александровна Заякина.<br/>Кн. от поредицата Оцветяване с вода. |
| 700 ## - Други автори (авторска отговорност) | |
| Друг автор | Заякина, Екатерина Александровна |
| 9 (RLIN) | 461475 |
| 852 ## - Местоположение | |
| Сигнатура (форматна) | Цб 318522 |
| Отдел | Хранилище |
| 942 ## - АРТИКУЛИ | |
| Вид на библиотечния документ | Книги |
| Скрит в OPAC | Не |
| Периодичен библиозапис | Да |
| 944 ## - СЪЗДАВАНЕ И РЕДАКЦИЯ на ЗАПИСА | |
| Създаване/Редакция | Създаване |
| Дата на регистрацията/редакция | 2023-07-10 |
| Служител, извършил регистрацията/редакцията | Кети |
| 999 ## - СИСТЕМНИ КОНТРОЛНИ НОМЕРА | |
| Koha biblionumber | 492585 |
| Koha biblioitemnumber | 492585 |
| Код за отписване | Код за изгубен артикул | Източник на класификационната схема | Код за повреда | Коз за рестрикции | Код за отдаване | Артикулен № | Име на библиотеката - собственик | Име на библиотеката, в която се намира в момента | Статус (Текущо местоположение) | Дата на вписване в системата | Местоположение - отдел | Цена в лева | Инвентарен номер | Систематично азбучна сигнатура | Баркод | Цена в евро | Служебен тип на артикула |
|---|---|---|---|---|---|---|---|---|---|---|---|---|---|---|---|---|---|
| Не е изгубен | Universal Decimal Classification | Не е повреден | само за читалня | ползва се в читалня | 930111 | Регионална библиотека "Любен Каравелов" Русе | Регионална библиотека "Любен Каравелов" Русе | Хранилище | 2023-07-14 | Хранилище | 5.90 | 120000889398 | Цб 318522 | 120000889398 | 3.02 | Книги |